02037nas a2200241Ia 4500001001100000003001000011008004100021040002500062041001300087100001800100210003500118222003500153245012400188250001100312260009100323300001200414310001500426362003700441500059000478501011401068520059001182650002301772R050-S3104IT-CnALBA170116c99999999xx |||||||||||| ||und|| aIT-CnALBAcIT-CnALBA aITALIANO aDAVANZO GUIDO aRIVISTA DI PASTORALE LITURGICA aRIVISTA DI PASTORALE LITURGICA 0aRIVISTA DI PASTORALE LITURGICA. NOVEMBRE DICEMBRE 1985. ORGANO CAL. TESTIMONIANZA ECCLESIALE NEL MONDO DELLA SOFFERENZ  a1a ed. a BRESCIAbQUERINIANA EDIT. LIBR. VESC. c1985 [1° Ed.:1985 - Ed.Ling.Originale: 1985] a107 p.  aBIMESTRALE aFascicolo: 133 / Anno: 23 (1985) aSOFFERENZA E INTIMISAZIONE. DOCUMENTI DI GIOVANNI PAOLO II SUL MONDO DELLA SOFFERENZA. LINEE TEOLOGICO SPIRITUALI DELLA "SALUIFICI DOLORIS". MONDO INTERIORE E CROCE. OTTAZZI V. VANGELO SAMARITANO, MARTIGNONI G. PASTORALE E SOFFERENTI, ZANCHETTA L. RAPPORTO PASTORALE COI MALATI, BRUSCO A. PRESENZA PASTORALE NEGLI OSPEDALI, SGREGGIA E. UNZIONE INFERMI TRA STORIA E PRASSI ATTUALI, SIRBONI S. ORIENTAMENTI PASTORALI DAL RITUALE E CODICE. PROFILO BREVE DI BENEDETTA BIANCHI PORRO. CERTEZZA DELL'AMORE DI DIO. SACRALITÀ SOFFERENZA. CAMBIAMENTO DI VITA. DIMENSIONI COSTITUTIVE LITURGIA.  aSocietà San Paolo EM - Piazza San Paolo, 14 - 12051 ALBA (CN) (non commercial uses only) ® Copyright 2017 aSOFFERENZA E INTIMISAZIONE. DOCUMENTI DI GIOVANNI PAOLO II SUL MONDO DELLA SOFFERENZA. LINEE TEOLOGICO SPIRITUALI DELLA "SALUIFICI DOLORIS". MONDO INTERIORE E CROCE. OTTAZZI V. VANGELO SAMARITANO, MARTIGNONI G. PASTORALE E SOFFERENTI, ZANCHETTA L. RAPPORTO PASTORALE COI MALATI, BRUSCO A. PRESENZA PASTORALE NEGLI OSPEDALI, SGREGGIA E. UNZIONE INFERMI TRA STORIA E PRASSI ATTUALI, SIRBONI S. ORIENTAMENTI PASTORALI DAL RITUALE E CODICE. PROFILO BREVE DI BENEDETTA BIANCHI PORRO. CERTEZZA DELL'AMORE DI DIO. SACRALITÀ SOFFERENZA. CAMBIAMENTO DI VITA. DIMENSIONI COSTITUTIVE LITURGIA.  aTEOLOGIA PASTORALE